<?xml version="1.0" encoding="UTF-8"?>
<record
    xmlns:xsi="http://www.w3.org/2001/XMLSchema-instance"
    xsi:schemaLocation="http://www.loc.gov/MARC21/slim http://www.loc.gov/standards/marcxml/schema/MARC21slim.xsd"
    xmlns="http://www.loc.gov/MARC21/slim">

  <leader>01833nam0a2200385   4500</leader>
  <controlfield tag="001">RU\NLR\bibl\1010958</controlfield>
  <controlfield tag="005">20250614231200.0</controlfield>
  <datafield tag="010" ind1=" " ind2=" ">
    <subfield code="a">5-89332-129-4</subfield>
    <subfield code="9">3000</subfield>
  </datafield>
  <datafield tag="035" ind1=" " ind2=" ">
    <subfield code="a">(NLR Aleph) 000998589</subfield>
  </datafield>
  <datafield tag="090" ind1=" " ind2=" ">
    <subfield code="a">564157</subfield>
    <subfield code="c">564157</subfield>
  </datafield>
  <datafield tag="100" ind1=" " ind2=" ">
    <subfield code="a">20061120d2005    |||y0rusy50      ca</subfield>
  </datafield>
  <datafield tag="101" ind1="0" ind2=" ">
    <subfield code="a">rus</subfield>
  </datafield>
  <datafield tag="102" ind1=" " ind2=" ">
    <subfield code="a">RU</subfield>
  </datafield>
  <datafield tag="105" ind1=" " ind2=" ">
    <subfield code="a">y   |||||||||</subfield>
  </datafield>
  <datafield tag="200" ind1="1" ind2=" ">
    <subfield code="a">&#x420;&#x443;&#x441;&#x441;&#x43A;&#x430;&#x44F; &#x43F;&#x43E;&#x44D;&#x437;&#x438;&#x44F; &#x421;&#x435;&#x440;&#x435;&#x431;&#x440;&#x44F;&#x43D;&#x43E;&#x433;&#x43E; &#x432;&#x435;&#x43A;&#x430; &#x438; &#x440;&#x43E;&#x43C;&#x430;&#x43D;&#x441;&#x43A;&#x438;&#x439; &#x43C;&#x438;&#x440;</subfield>
    <subfield code="f">&#x412;.&#x415;. &#x411;&#x430;&#x433;&#x43D;&#x43E;</subfield>
    <subfield code="g">[&#x424;&#x435;&#x434;&#x435;&#x440;. &#x446;&#x435;&#x43B;&#x435;&#x432;&#x430;&#x44F; &#x43F;&#x440;&#x43E;&#x433;&#x440;. "&#x41A;&#x443;&#x43B;&#x44C;&#x442;&#x443;&#x440;&#x430; &#x420;&#x43E;&#x441;&#x441;&#x438;&#x438;" (&#x41F;&#x43E;&#x434;&#x43F;&#x440;&#x43E;&#x433;&#x440;. "&#x41F;&#x43E;&#x434;&#x434;&#x435;&#x440;&#x436;&#x43A;&#x430; &#x43F;&#x43E;&#x43B;&#x438;&#x433;&#x440;&#x430;&#x444;&#x438;&#x438; &#x438; &#x43A;&#x43D;&#x438;&#x433;&#x43E;&#x438;&#x437;&#x434;. &#x420;&#x43E;&#x441;&#x441;&#x438;&#x438;")]</subfield>
  </datafield>
  <datafield tag="210" ind1=" " ind2=" ">
    <subfield code="a">&#x421;&#x430;&#x43D;&#x43A;&#x442;-&#x41F;&#x435;&#x442;&#x435;&#x440;&#x431;&#x443;&#x440;&#x433;</subfield>
    <subfield code="c">&#x413;&#x418;&#x41F;&#x415;&#x420;&#x418;&#x41E;&#x41D;</subfield>
    <subfield code="d">2005</subfield>
  </datafield>
  <datafield tag="215" ind1=" " ind2=" ">
    <subfield code="a">230, [2] &#x441;.</subfield>
    <subfield code="d">21</subfield>
  </datafield>
  <datafield tag="225" ind1="1" ind2=" ">
    <subfield code="a">&#x424;&#x438;&#x43B;&#x43E;&#x43B;&#x43E;&#x433;&#x438;&#x447;&#x435;&#x441;&#x43A;&#x430;&#x44F; &#x431;&#x438;&#x431;&#x43B;&#x438;&#x43E;&#x442;&#x435;&#x43A;&#x430;</subfield>
    <subfield code="f">&#x43E;&#x442;&#x432;. &#x440;&#x435;&#x434;.: &#x41F;.&#x412;. &#x414;&#x43C;&#x438;&#x442;&#x440;&#x438;&#x435;&#x432;</subfield>
    <subfield code="v">7</subfield>
  </datafield>
  <datafield tag="300" ind1=" " ind2=" ">
    <subfield code="a">&#x41D;&#x430; 4-&#x439; &#x441;. &#x43E;&#x431;&#x43B;. &#x430;&#x432;&#x442;.: &#x412;.&#x415;. &#x411;&#x430;&#x433;&#x43D;&#x43E;, &#x434;.&#x444;&#x438;&#x43B;&#x43E;&#x43B;.&#x43D;.</subfield>
  </datafield>
  <datafield tag="320" ind1=" " ind2=" ">
    <subfield code="a">&#x411;&#x438;&#x431;&#x43B;&#x438;&#x43E;&#x433;&#x440;.: &#x441;. 216-226 &#x438; &#x432; &#x43F;&#x43E;&#x434;&#x441;&#x442;&#x440;&#x43E;&#x447;. &#x43F;&#x440;&#x438;&#x43C;&#x435;&#x447;.</subfield>
  </datafield>
  <datafield tag="320" ind1=" " ind2=" ">
    <subfield code="a">&#x414;&#x440;. &#x43A;&#x43D;&#x438;&#x433;&#x438; &#x430;&#x432;&#x442;. &#x43D;&#x430; 4-&#x439; &#x441;. &#x43E;&#x431;&#x43B;.</subfield>
  </datafield>
  <datafield tag="320" ind1=" " ind2=" ">
    <subfield code="a">&#x418;&#x43C;&#x435;&#x43D;. &#x443;&#x43A;&#x430;&#x437;.: &#x441;. 227-231</subfield>
  </datafield>
  <datafield tag="606" ind1="1" ind2=" ">
    <subfield code="a">&#x41F;&#x43E;&#x44D;&#x437;&#x438;&#x44F; &#x440;&#x443;&#x441;&#x441;&#x43A;&#x430;&#x44F;</subfield>
    <subfield code="z">20 &#x432;.</subfield>
    <subfield code="9">1486832</subfield>
    <subfield code="3">RU\NLR\auth\66636833</subfield>
  </datafield>
  <datafield tag="606" ind1="1" ind2=" ">
    <subfield code="a">&#x420;&#x443;&#x441;&#x441;&#x43A;&#x430;&#x44F; &#x43B;&#x438;&#x442;&#x435;&#x440;&#x430;&#x442;&#x443;&#x440;&#x430;</subfield>
    <subfield code="x">&#x421;&#x432;&#x44F;&#x437;&#x438;</subfield>
    <subfield code="x">&#x420;&#x43E;&#x43C;&#x430;&#x43D;&#x441;&#x43A;&#x438;&#x435; &#x43B;&#x438;&#x442;&#x435;&#x440;&#x430;&#x442;&#x443;&#x440;&#x44B;</subfield>
    <subfield code="z">20 &#x432;.</subfield>
    <subfield code="9">2454280</subfield>
    <subfield code="3">RU\NLR\auth\661458968</subfield>
  </datafield>
  <datafield tag="606" ind1="1" ind2=" ">
    <subfield code="a">&#x420;&#x43E;&#x43C;&#x430;&#x43D;&#x441;&#x43A;&#x438;&#x435; &#x43B;&#x438;&#x442;&#x435;&#x440;&#x430;&#x442;&#x443;&#x440;&#x44B;</subfield>
    <subfield code="x">&#x421;&#x432;&#x44F;&#x437;&#x438;</subfield>
    <subfield code="x">&#x420;&#x443;&#x441;&#x441;&#x43A;&#x430;&#x44F; &#x43B;&#x438;&#x442;&#x435;&#x440;&#x430;&#x442;&#x443;&#x440;&#x430;</subfield>
    <subfield code="z">20 &#x432;.</subfield>
    <subfield code="9">2454597</subfield>
    <subfield code="3">RU\NLR\auth\661459122</subfield>
  </datafield>
  <datafield tag="686" ind1=" " ind2=" ">
    <subfield code="a">&#x428;5(2=&#x420;)53-335</subfield>
  </datafield>
  <datafield tag="686" ind1=" " ind2=" ">
    <subfield code="a">&#x428;5(2=&#x420;)53-318.3</subfield>
  </datafield>
  <datafield tag="686" ind1=" " ind2=" ">
    <subfield code="a">&#x428;5(0)947-318.3</subfield>
  </datafield>
  <datafield tag="700" ind1=" " ind2="1">
    <subfield code="a">&#x411;&#x430;&#x433;&#x43D;&#x43E;</subfield>
    <subfield code="b">&#x412;. &#x415;.</subfield>
    <subfield code="g">&#x412;&#x441;&#x435;&#x432;&#x43E;&#x43B;&#x43E;&#x434; &#x415;&#x432;&#x433;&#x435;&#x43D;&#x44C;&#x435;&#x432;&#x438;&#x447;</subfield>
    <subfield code="4">070</subfield>
  </datafield>
  <datafield tag="801" ind1=" " ind2="0">
    <subfield code="a">RU</subfield>
    <subfield code="b">NLR</subfield>
    <subfield code="c">20061120</subfield>
    <subfield code="g">rcr</subfield>
  </datafield>
  <datafield tag="801" ind1=" " ind2="1">
    <subfield code="a">RU</subfield>
    <subfield code="b">NLR</subfield>
    <subfield code="c">20061120</subfield>
  </datafield>
  <datafield tag="830" ind1=" " ind2=" ">
    <subfield code="a">&#x430;&#x432;&#x442;. &#x43F;&#x43E; &#x43A;&#x43D;.</subfield>
  </datafield>
  <datafield tag="942" ind1=" " ind2=" ">
    <subfield code="c">BOOK</subfield>
  </datafield>
  <datafield tag="980" ind1=" " ind2=" ">
    <subfield code="a">NB</subfield>
  </datafield>
  <datafield tag="995" ind1=" " ind2=" ">
    <subfield code="5">2006-11-20</subfield>
    <subfield code="a">aa</subfield>
    <subfield code="b">NLR01</subfield>
    <subfield code="c">NLR01</subfield>
    <subfield code="e">RF3</subfield>
    <subfield code="f">1-690735</subfield>
    <subfield code="k">2006-3/30846</subfield>
    <subfield code="o">0</subfield>
    <subfield code="p">157.00</subfield>
    <subfield code="r">BOOK</subfield>
    <subfield code="s">2006330846_</subfield>
  </datafield>
  <datafield tag="995" ind1=" " ind2=" ">
    <subfield code="5">2006-11-20</subfield>
    <subfield code="a">az</subfield>
    <subfield code="b">NLR01</subfield>
    <subfield code="c">NLR01</subfield>
    <subfield code="e">RF3</subfield>
    <subfield code="f">1-4760891</subfield>
    <subfield code="k">2006-3/30846</subfield>
    <subfield code="o">0</subfield>
    <subfield code="p">157.00</subfield>
    <subfield code="r">BOOK</subfield>
    <subfield code="s">2006330846_</subfield>
  </datafield>
  <datafield tag="995" ind1=" " ind2=" ">
    <subfield code="5">2006-11-20</subfield>
    <subfield code="a">aa</subfield>
    <subfield code="b">NLR02</subfield>
    <subfield code="c">NLR02</subfield>
    <subfield code="e">UCHZ</subfield>
    <subfield code="f">1-197079</subfield>
    <subfield code="k">&#x423; &#x428;5(2=&#x420;)5-335/&#x411;-144</subfield>
    <subfield code="o">0</subfield>
    <subfield code="p">157.00</subfield>
    <subfield code="r">BOOK</subfield>
    <subfield code="s">_525335144</subfield>
  </datafield>
  <datafield tag="995" ind1=" " ind2=" ">
    <subfield code="5">2006-11-20</subfield>
    <subfield code="a">aa</subfield>
    <subfield code="b">NLR01</subfield>
    <subfield code="c">NLR01</subfield>
    <subfield code="e">OZ2</subfield>
    <subfield code="f">1-247187</subfield>
    <subfield code="k">&#x41B;1 &#x428;5(2=&#x420;)5-335/&#x411;-144</subfield>
    <subfield code="o">0</subfield>
    <subfield code="p">157.00</subfield>
    <subfield code="r">BOOK</subfield>
    <subfield code="s">1_525335144</subfield>
  </datafield>
  <datafield tag="995" ind1=" " ind2=" ">
    <subfield code="5">2006-11-20</subfield>
    <subfield code="a">aa</subfield>
    <subfield code="b">NLR01</subfield>
    <subfield code="c">NLR01</subfield>
    <subfield code="e">RF02</subfield>
    <subfield code="f">1-4359311</subfield>
    <subfield code="k">&#x420;&#x424;&#x43F;&#x43E;&#x434;&#x440;/&#x411;-144</subfield>
    <subfield code="o">0</subfield>
    <subfield code="p">157.00</subfield>
    <subfield code="r">BOOK</subfield>
    <subfield code="s">144_</subfield>
  </datafield>
</record>
